00759 2200289 4500001002100000005001500021035002000036245004500056100001200101300003800113006001800151007000300169008004100172260003700213082001200250084001800262020002200280250001100302650001500313990002100328990002200349990002200371990002100393990001700414990001700431990002100448INLIS00000000000291720260530061727 a0010-10200000181 aKepariwisataan dan perjalanan /cMuljadi0 aMuljadi a247 hlm. :bilus. ;c13,5 x 20 cma ta260530 0  a--Jakarta :bRajagrafindo,c2009 a910.206 a910.206 MUL k a978-979-769-281-0 a--Ed 1 4aPariwisata a325/BR/KAPD/2011 a12342/H/KAPD/2010 a12339/H/KAPD/2010 a326/BR/KAPD/2011 a12340/H/KAPD a12341/H/KAPD a327/BR/KAPD/2011